00393nam a22000977a 4500008004100000050002700041100002000068245013700088260005500225300001500280210205b xxu||||| |||| 00| 0 eng d aGMB0864b.L86 2015 c.1 aLunani, Robert  aThe role of competitive advantage on KCSE performance in Kenyaba case of public secondary schools in Bungoma county cRobert Lunani aKabarak, Nakuru, Kenya bKabarak University c2015 a83 leaves